| 000 -LEADER |
| fixed length control field |
00650nam a22001097a 4500 |
| 008 - FIXED-LENGTH DATA ELEMENTS--GENERAL INFORMATION |
| fixed length control field |
170925b xxu||||| |||| 00| 0 eng d |
| 100 ## - MAIN ENTRY--AUTHOR'S NAME |
| Author's Name |
Backman, Anders |
| 245 ## - TITLE STATEMENT |
| Title |
The Channel Island of Jethou : its stamps and postal history |
| 260 ## - PUBLICATION, DISTRIBUTION, ETC. (IMPRINT) |
| Place of publication, distribution, etc. |
Stockport, Cheshire, [England] |
| Name of publisher, distributor, etc. |
A. Backman and R. Forrester, |
| Date of publication, distribution, etc. |
1978 |
| 650 ## - TOPICAL TERM (Tag) |
| Topical term or geographic name |
Channel Islands | Jethou | Locals and Private Posts Cinderella Material | Production | Production -- Sheets and Panes | Errors and Varieties | Essays and Proofs | Designs | First Days Catalogs and Price Lists | Postal History | Postal Markings Postal Service | Postal Rates | Topical Collecting | Europa |
| 700 ## - SECONDARY AUTHOR, EDITOR OR ILLUSTRATOR |
| Personal Name |
Forester, Bob |